KOHA-Header-6

Financial Accounting (Record no. 570)

000 -LEADER
fixed length control field 00288nam a2200109Ia 4500
008 - FIXED-LENGTH DATA ELEMENTS--GENERAL INFORMATION
fixed length control field 190722s9999 xx 000 0 und d
020 ## - INTERNATIONAL STANDARD BOOK NUMBER
International Standard Book Number 978-93-392-2202-4
100 ## - MAIN ENTRY--PERSONAL NAME
Personal name Hanif, Mukherjee
245 #0 - TITLE STATEMENT
Title Financial Accounting
260 ## - PUBLICATION, DISTRIBUTION, ETC. (IMPRINT)
Place of publication, distribution, etc New Delhi
Name of publisher, distributor, etc McGraw Hill Edu. Pvt. Ltd.
Date of publication, distribution, etc 2016
942 ## - ADDED ENTRY ELEMENTS (KOHA)
Koha item type Books
Holdings
Withdrawn status Lost status Damaged status Not for loan Collection code Permanent Location Current Location Shelving location Date acquired Total Checkouts Full call number Barcode Date last seen Date checked out Price effective from Koha item type
          MAJU MAJU   2019-07-22 1 657 7196 2022-01-29 2022-01-20 2019-07-22 Accounting

Powered by Koha